000 00487nam a2200181Ia 4500
005 20240913130012.0
008 240913s9999||||xx |||||||||||||| ||und||
041 _aENGLISH
082 _A371.9120954 Q8
100 _aBeenu Kumari
245 0 _aEducation of Children with Hearing Impairment
250 _a1st
260 _c2018
_bSonali Publica
500 _aREFERENCE
650 _aAudiology Speech and Language Pathology
_bAllied Health Science
942 _cREF
999 _c246745
_d246745